The origin nature of the soul
-д хадгалсан:
| Үндсэн зохиолч: | |
|---|---|
| Формат: | Ном |
| Хэл сонгох: | англи |
| Хэвлэсэн: |
Bebenburg
Hohe Warte-Franz
1984
|
| Нөхцлүүд: | |
| Шошгууд: |
Шошго нэмэх
Шошго байхгүй, Энэхүү баримтыг шошголох эхний хүн болох!
|
MARC
| LEADER | 00000nam a2200000 a 4500 | ||
|---|---|---|---|
| 001 | UCW8140 | ||
| 003 | CL-VaPUC | ||
| 008 | 880525e19840000GW |||||||||||||||||eng|d | ||
| 082 | 0 | 4 | |a 128.1 |b LUN |2 21 |
| 100 | |a Lundendorff, Matilde |e autora |9 313244 | ||
| 245 | 1 | 4 | |a The origin nature of the soul |
| 300 | |a v | ||
| 942 | |c BK | ||
| 945 | |d 19880525 00:00:00 |a aalvarez | ||
| 260 | |a Bebenburg |b Hohe Warte-Franz |c 1984 | ||
| 650 | 0 | |a Alma |9 259008 | |
| 583 | |a last modification |c 20120731 08:55:02 |k Rodrigo Vera | ||
| 999 | |c 220604 |d 220602 | ||
| 952 | |0 0 |1 2 |4 0 |6 128_100000000000000_LUN_1984 |7 0 |8 A |9 213072 |a BIBTEO |b BIBTEO |d 2019-11-15 |h v.3 |i 2814072 |o 128.1 LUN 1984 |p 2814072 |r 2019-11-15 |w 2019-11-15 |x Descarte 2019 |y BK |k ICR | ||